Переписка, на иностранных языках грузинских царей с российскими государями от 1639 г. по 1770 г. (Запись № 5400376)

Подробности
000 -МАРКЕР
контрольное поле 02739nam0a22003131 4500
001 - ИДЕНТИФИКАТОР ЗАПИСИ
контрольное поле v19\rc\1347483
005 - ИДЕНТИФИКАТОР ВЕРСИИ
контрольное поле 20260405195305.0
035 ## - ДРУГИЕ СИСТЕМНЫЕ НОМЕРА
Идентификатор записи (NLR Aleph) 005210199
100 ## - ДАННЫЕ ОБЩЕЙ ОБРАБОТКИ
Данные общей обработки 20060512d1861 |||y0rusy50 ca
101 1# - ЯЗЫК РЕСУРСА
Язык текста, звукозаписи и т.д. русский
-- многоязычный, разных семей языки
Язык промежуточного перевода французский
Язык оригинала многоязычный, разных семей языки
-- французский
102 ## - СТРАНА ПУБЛИКАЦИИ ИЛИ ПРОИЗВОДСТВА
Страна публикации российская федерация
105 ## - ПОЛЕ КОДИРОВАННЫХ ДАННЫХ: ТЕКСТОВЫЕ МАТЕРИАЛЫ, МОНОГРАФИЧЕСКИЕ
Кодированные данные о монографическом текстовом документе y z |||e|
200 1# - ЗАГЛАВИЕ И СВЕДЕНИЯ ОБ ОТВЕТСТВЕННОСТИ
Основное заглавие Переписка, на иностранных языках грузинских царей с российскими государями от 1639 г. по 1770 г.
Первые сведения об ответственности ["Предуведомление": Броссе]
210 ## - ПУБЛИКАЦИЯ, РАСПРОСТРАНЕНИЕ И ДР.
Место издания, распространения и т.д. Санкт-Петербург
Имя издателя, распространителя и т. д. тип. Имп. Акад. наук
Дата издания, распространения и т.д. 1861
215 ## - ФИЗИЧЕСКАЯ ХАРАКТЕРИСТИКА
Специфическое обозначение материала и объем [14], XCII, 233 с.
Размеры 31
300 ## - ОБЩИЕ ПРИМЕЧАНИЯ
Текст примечания В конце посвящения: М. Броссе
327 0# - ПРИМЕЧАНИЯ О СОДЕРЖАНИИ
Текст примечания С. I-XCI: Исторический обзор дипломатических сношений между российскими государями и грузинскими царями и владетелями, составленный на французском языке Франциском Плоеном, актуариусом при Главном архиве и переведенный на русский язык чиновниками того же архива
464 #0 - АНАЛИТИЧЕСКИЙ УРОВЕНЬ
Встроенное поле 2001#$aИсторический обзор дипломатических сношений между российскими государями и грузинскими царями и владетелями, составленный на французском языке Франциском Плоеном, актуариусом при Главном архиве и переведенный на русский язык чиновниками того же архива
-- 215##$aС. I-XCI
-- 700#1$aПлоен$bФ.$gФранциск$4220
Заглавие Исторический обзор дипломатических сношений между российскими государями и грузинскими царями и владетелями, составленный на французском языке Франциском Плоеном, актуариусом при Главном архиве и переведенный на русский язык чиновниками того же архива
Автор Плоен, Франциск
702 #1 - ИМЯ ЛИЦА - ВТОРИЧНАЯ ОТВЕТСТВЕННОСТЬ
Код отношения Автор введения, предисловия, примечания и т.п.
Материалы, к которым относится поле rus
Графика поля Кириллица
Начальный элемент ввода Броссе
Часть имени, кроме начального элемента ввода М. И.
Даты 1802-1880
Расширение инициалов личного имени Марий Иванович
Идентификатор авторитетной/нормативной записи RU\NLR\AUTH\7786965
Системный номер авторитетной/нормативной записи 69893
702 #1 - ИМЯ ЛИЦА - ВТОРИЧНАЯ ОТВЕТСТВЕННОСТЬ
Начальный элемент ввода Плоен
Часть имени, кроме начального элемента ввода Ф.
Расширение инициалов личного имени Франциск
Код отношения Составитель
801 #0 - ИСТОЧНИК ЗАПИСИ
Страна российская федерация
Организация NLR
Дата составления 20060512
Правила каталогизации psbo
801 #0 - ИСТОЧНИК ЗАПИСИ
Страна российская федерация
Организация RuMoRGB
Дата составления 20060512
Источник данных psbo
801 #1 - ИСТОЧНИК ЗАПИСИ
Страна российская федерация
Организация ProSoft-M
Дата составления 20060512
Источник данных rusmarc
801 #2 - ИСТОЧНИК ЗАПИСИ
Страна российская федерация
Организация NLR
Дата составления 20100429
Источник данных rusmarc
852 ## - МЕСТОНАХОЖДЕНИЕ И ШИФР ХРАНЕНИЯ
Идентификатор организации NLR
Шифр хранения (Call Number) 18.7.1.30
852 ## - МЕСТОНАХОЖДЕНИЕ И ШИФР ХРАНЕНИЯ
Идентификатор организации NLR
Шифр хранения (Call Number) 134/568
942 ## - ДОПОЛНИТЕЛЬНЫЕ ЭЛЕМЕНТЫ ЗАПИСИ (АБИС)
Тип экземпляра АБИС Книга
980 ## - КОЛЛЕКЦИЯ
Название коллекции Национальная библиография
Экземпляры
Тип экземпляра Дата поступления Библиотека постоянного хранения Библиотека текущего хранения Место хранения Шифр хранения Штрих-код Статус не для выдачи
Книга 26.10.2013 РНБ (Садовая) РНБ (Садовая) Русский книжный фонд -Главное здание, Ленинский читальный зал 18.7.1.30 5210199-10  
Книга 26.10.2013 РНБ (Садовая) РНБ (Садовая) Русский книжный фонд -Главное здание, Ленинский читальный зал 134/568 5210199-20